Borussia Dortmund Vs Schalke - Statistics

General Stats
  • This quiz has been taken 15 times
  • The average score is 8 of 22
Answer Stats
Hint Answer % Correct
GK(2002-18 Roman Weidenfeller
100%
MF(2012-24 Marco Reus
93%
DF(2008~24 Mats Hummels
86%
DF(2009-22 Marcel Schmelzer
71%
FW(2013-18 Pierre-Emerick Aubameyang
57%
MF(1993-2009 Lars Ricken
50%
DF(1993-98 Matthias Sammer
50%
DF(2007-18 Benedikt Höwedes
43%
DF(2010-21 Lukasz Piszczek
43%
MF(1981-98 Michael Zorc
43%
FW(1976-83 Manfred Burgsmüller
36%
MF1983~2002 Olaf Thon
29%
FW(1999-2013 Gerald Asamoah
21%
FW(1946~59 Alfred Preißler
14%
GK(1966~83 Norbert Nigbur
14%
FW(1923-50 Ernst Kuzorra
7%
MF(1988-99 Ingo Anderbrügge
7%
DF(1965~88 Klaus Fichtel
7%
FW(1925-50 Fritz Szepan
0%
MF(1968-79 Herbert Lütkebohmert
0%
DF(1969-80 Rolf Rüssmann
0%
DF(1978-88 Thomas Kruse
0%
No matching quizzes found
Score Distribution
Percent of People with Each Score
Percentile by Number Answered
Your Score History
You have not taken this quiz